Capital investment : part II

Bibliographic Details
Corporate Author: Harvard business review (Author)
Format: Book
Published: Boston, Mass. : Harvard Business Review , c1969.
Subjects:

MARC

LEADER 00000cam a2200000 7i4500
001 0000007012
005 20021119093000.0
008 021119n
090 0 0 |a HG4508.3   |b .H32 
110 0 |a Harvard business review   |e author 
245 0 0 |a Capital investment :   |b part II   |c Harvard Business Review 
260 2 |a Boston, Mass. :   |b Harvard Business Review ,   |c c1969. 
300 |a 142 p. ; ;   |c 28 cm. 
650 0 |a Investments 
999 |a 1000037136   |b Book   |c Reference   |e Gong Badak Campus 
999 |a 1000037137   |b Book   |c Reference   |e Gong Badak Campus